NASCAR Drivers with 10 wins or more UP TO DATE - Statistics

General Stats
  • This quiz has been taken 291 times
    261 since last reset
  • The average score is 25 of 61
Answer Stats
Wins Drivers % Correct
200 Richard Petty
97%
83 Jimmie Johnson
92%
54 Lee Petty
92%
93 Jeff Gordon
91%
31 Kurt Busch
91%
76 Dale Earnhardt
90%
55 Kyle Busch
90%
49 Kevin Harvick
81%
105 David Pearson
79%
49 Tony Stewart
73%
83 Cale Yarborough
72%
84 Darrell Waltrip
72%
23 Joey Logano
69%
44 Bill Elliott
67%
84 Bobby Allison
66%
30 Brad Keselowski
61%
39 Matt Kenseth
61%
55 Rusty Wallace
60%
26 Martin Truex Jr.
59%
21 Bobby Labonte
55%
37 Denny Hamlin
54%
22 Terry Labonte
54%
32 Dale Jarrett
51%
50 Ned Jarrett
48%
40 Mark Martin
46%
28 Carl Edwards
41%
26 Dale Earnhardt Jr.
40%
46 Buck Baker
34%
18 Kasey Kahne
33%
21 Benny Parsons
32%
19 Greg Biffle
32%
18 Ryan Newman
32%
19 Davey Allison
30%
39 Tim Flock
29%
21 Jeff Burton
28%
23 Ricky Rudd
27%
48 Herb Thomas
26%
50 Junior Johnson
26%
10 Sterling Marlin
26%
10 Clint Bowyer
22%
37 Bobby Isaac
21%
33 Fireball Roberts
21%
25 Joe Weatherly
21%
15 Ernie Irvan
20%
28 Rex White
18%
18 Harry Gant
17%
13 Tim Richmond
15%
18 Neil Bonnett
14%
19 Buddy Baker
13%
10 Donnie Allison
13%
26 Fred Lorenzen
12%
17 Curtis Turner
9%
19 Fonty Flock
8%
25 Jim Paschal
8%
17 Marvin Panch
8%
18 Geoffrey Bodine
7%
20 Speedy Thompson
7%
14 Leeroy Yarborough
5%
14 Dick Hutcherson
4%
21 Jack Smith
4%
13 Dick Rathmann
3%
No matching quizzes found
Score Distribution
Percent of People with Each Score
Percentile by Number Answered
Your Score History
You have not taken this quiz since the last reset